Formularios y explicaciones de derecho: práctica forense

Guardat en:
Dades bibliogràfiques
Autor principal: Barros Aldunate, Diego (Autor)
Altres autors: Parga Gazitua, José (autor)
Format: Llibre
Idioma:espanyol
Publicat: Santiago Distribuidora Forense 1991
Matèries:
Etiquetes: Afegir etiqueta
Sense etiquetes, Sigues el primer a etiquetar aquest registre!

MARC

LEADER 00000nam a2200000 a 4500
001 UCV1860
003 CL-VaPUC
008 910508e19910000CL |||||||||||||||||spa|d
082 0 4 |a 347.055  |b BAR  |2 21 
100 0 |a Barros Aldunate, Diego  |e author  |9 296049 
700 |a Parga Gazitua, José  |e autor  |9 748666 
245 1 0 |a Formularios y explicaciones de derecho: práctica forense 
300 |a 4 v 
942 |c BK 
945 |d 19910508 00:00:00 
260 |a Santiago  |b Distribuidora Forense  |c 1991 
500 |a Solicitudes, modelos, esquemas, escrituras, textos legales, ejemplos, actos, clausulas y listados de derechos 
650 0 |a Práctica forense  |9 256375 
651 7 |a CHILE  |2 CL-VaPUC  |9 296051 
583 |a last modification  |c 19910508 00:00:00  |k Rodrigo Vera 
999 |c 209635  |d 209633 
952 |0 0  |1 0  |4 0  |6 347_055000000000000_BAR_1991  |7 0  |8 F  |9 185182  |a BIBDER  |b BIBDER  |d 2019-11-14  |h v.1  |i 2526336  |o 347.055 BAR 1991  |p 2526336  |r 2023-01-25  |w 2019-11-14  |y BK_F  |k DER 
952 |0 0  |1 0  |4 0  |6 347_055000000000000_BAR_1991  |7 0  |8 F  |9 185183  |a BIBDER  |b BIBDER  |d 2019-11-14  |h v.2  |i 2526344  |o 347.055 BAR 1991  |p 2526344  |r 2023-01-25  |w 2019-11-14  |y BK_F  |k DER 
952 |0 0  |1 0  |4 0  |6 347_055000000000000_BAR_1991  |7 0  |8 F  |9 185184  |a BIBDER  |b BIBDER  |d 2019-11-14  |h v.3  |i 2526352  |o 347.055 BAR 1991  |p 2526352  |r 2023-01-25  |w 2019-11-14  |y BK_F  |k DER 
952 |0 0  |1 0  |4 0  |6 347_055000000000000_BAR_1991  |7 0  |8 F  |9 185185  |a BIBDER  |b BIBDER  |d 2019-11-14  |h v.4  |i 2526360  |o 347.055 BAR 1991  |p 2526360  |r 2023-01-25  |w 2019-11-14  |y BK_F  |k DER